000 00302nam a2200121 i 4500
001 bg
245 0 _atechnik Wörterbuch. Kleines Wörterbuch der Elektronik. Russisch-Deutsch.
260 _aBerlin,
_c1970.
040 _cBPK
041 _apol
942 _cKS
008 s pl f |000 0 pol
999 _c9040
_d9040
856 _uhttp://koha.tu.koszalin.pl/cgi-bin/koha/opac-detail.pl?biblionumber=9040
_yKatalog online BPK